Statistics for 2023 College Football Bowl Games

Click here to take the quiz!

General Stats

  • This quiz has been taken 82 times
  • The average score is 60 of 82

Answer Stats

HintAnswer% Correct
Rose Bowl (Semi-Final)Alabama
97%
Orange BowlGeorgia
95%
Michigan
95%
Sugar Bowl (Semi-Final)Texas
95%
Oregon
94%
Washington
94%
Ohio
91%
Florida St
89%
Ohio St
88%
Peach BowlOle Miss
88%
Penn St
88%
Citrus BowlIowa
86%
Guaranteed Rate BowlKansas
86%
LSU
86%
Miami (FL)
86%
Cure BowlMiami (OH)
86%
Oklahoma
86%
Sun BowlOregon St
86%
USC
86%
ReliaQuest BowlWisconsin
86%
Alamo BowlArizona
85%
Mayo BowlNorth Carolina
85%
Kansas St
83%
Cotton BowlMissouri
83%
Oklahoma St
83%
Tennessee
83%
Gator BowlClemson
82%
Fiesta BowlLiberty
82%
Boise St
80%
Pop-Tarts BowlNorth Carolina St
80%
Notre Dame
80%
LA BowlUCLA
80%
Kentucky
77%
Minnesota
77%
Iowa St
76%
Pinstripe BowlRutgers
76%
Texas Tech
76%
Independence BowlCalifornia
74%
Texas BowlTexas A&M
74%
UCF
74%
Las Vegas BowlUtah
74%
Duke
73%
Holiday BowlLouisville
73%
Maryland
73%
Arizona BowlToledo
73%
UNLV
73%
Air Force
71%
Music City BowlAuburn
71%
New Mexico BowlNew Mexico St
71%
Northwestern
71%
Tulane
71%
Boston College
70%
Gasparilla BowlGeorgia Tech
70%
Military BowlVirginia Tech
68%
Wyoming
68%
Armed Forces BowlJames Madison
67%
Liberty BowlMemphis
67%
Frisco BowlUTSA
67%
Fenway BowlSMU
65%
Boca Raton BowlSouth Florida
65%
West Virginia
65%
Fresno St
64%
Eastern Michigan
62%
San Jose St
62%
Syracuse
61%
Quick Lane BowlBowling Green
59%
Potato BowlGeorgia St
59%
Utah St
59%
Hawaii BowlCoastal Carolina
58%
Brimingham BowlTroy
58%
Myrtle Beach BowlGeorgia Southern
56%
Louisiana
56%
Rice
56%
First Responder BowlTexas St
55%
Camellia BowlArkansas St
53%
New Orleans BowlJacksonville St
52%
Appalachian St
50%
Famous Toastery BowlWestern Kentucky
50%
Old Dominion
48%
Northern Illinois
45%
68 Ventures BowlSouth Alabama
44%
Marshall
36%

Score Distribution

Percentile by Number Answered

Percent of People with Each Score

Your Score History

You have not taken this quiz